All U.S. Major Indoor Event Arenas - Statistics

General Stats
  • This quiz has been taken 12 times
  • The average score is 15 of 60
Answer Stats
Hint Answer % Correct
New York Madison Square Garden
91%
Texas American Airlines Center
55%
California crypto.com Arena
45%
Massachusetts TD Garden
45%
Pennsylvania Wells Fargo Center
45%
Utah Delta Center
36%
California Intuit Dome
36%
Florida Kaseya Center
36%
Kentucky KFC Yum! Center
36%
California Kia Forum
36%
New Jersey Prudential Center
36%
Kentucky Rupp Arena
36%
Nevada T-Mobile Arena
36%
Illinois United Center
36%
Florida Amalie Arena
27%
Colorado Ball Arena
27%
Oklahoma BOK Center
27%
Tennessee Bridgestone Arena
27%
California Chase Center
27%
Washington Climate Pledge Arena
27%
Florida Kia Center
27%
Alabama Legacy Arena
27%
Texas Moody Center
27%
Arizona PHX Arena
27%
Louisiana Smoothie King Center
27%
North Carolina Spectrum Center
27%
Georgia State Farm Arena
27%
Washington Tacoma Dome
27%
Minnesota Target Center
27%
Missouri T-Mobile Center
27%
Texas Toyota Center
27%
Minnesota Xcel Energy Center
27%
Connecticut XL Center
27%
Maryland CFG Bank Arena
18%
Nebraska CHI Health Center
18%
Arizona Desert Diamond Arena
18%
Tennessee FedExForum
18%
Indiana Gainbridge Fieldhouse
18%
New York KeyBank Center
18%
Michigan Little Caesars Arena
18%
Oregon Moda Center
18%
Connecticut Mohegan Sun Arena
18%
Ohio Nationwide Arena
18%
Pennsylvania PPG Paints Arena
18%
Ohio Rocket Arena
18%
Arkansas Simmons Bank Arena
18%
New York UBS Arena
18%
Florida VyStar Veterans Memorial Arena
18%
Iowa Wells Fargo Arena
18%
Florida Amerant Bank Arena
9%
California Golden 1 Center
9%
Ohio Heritage Bank Center
9%
Kansas Intrust Bank Arena
9%
Virginia John Paul Jones Arena
9%
North Carolina Lenovo Center
9%
Oklahoma Paycom Center
9%
South Carolina Colonial Life Arena
0%
North Dakota Fargodome
0%
Wisconsin Kohl Center
0%
Illinois Vibrant Arena
0%
No matching quizzes found
Score Distribution
Percent of People with Each Score
Percentile by Number Answered
Your Score History
You have not taken this quiz